header

The English housewife (Record no. 90070)

MARC details
000 -LEADER
fixed length control field 01545nam a2200325Ia 4500
100 1# - MAIN ENTRY--AUTHOR NAME
Personal name Markham, Gervase,
245 14 - TITLE STATEMENT
Title The English housewife
260 ## - PUBLICATION, DISTRIBUTION, ETC. (IMPRINT)
Place of publication Kingston, [Ont.] :
Name of publisher McGill-Queen's University Pr.,
Year of publication c1986.
300 ## - PHYSICAL DESCRIPTION
Number of Pages lviii, 321 p. :
Other physical details ill.
500 ## - GENERAL NOTE
General note Subtitle: Containing the inward and outward virtues which ought to be in a complete woman; as her skill in physic, cookery, banqueting-stuff, distillation, perfumes, wool, hemp, flax, dairies, brewing, baking, and all other things belonging to a household.
650 #0 - SUBJECT ADDED ENTRY--TOPICAL TERM
Topical Term Home economics
Topical Term Cookbooks
Topical Term Cooking
700 1# - ADDED ENTRY--PERSONAL NAME
Personal name Best, Michael R.
856 40 - ELECTRONIC LOCATION AND ACCESS
Uniform Resource Identifier http://site.ebrary.com/lib/rucke/Doc?id=10141909

No items available.

© 2026 Rongo University
Contact us: librarian | system librarian | Rongo university